| 000 | 00445nam a2200181Ia 4500 | ||
|---|---|---|---|
| 999 |
_c4260 _d4260 |
||
| 001 | 4018 | ||
| 003 | PK-LaUMT | ||
| 005 | 20221110120344.0 | ||
| 008 | 140318s9999 xx 000 0 und d | ||
| 020 | _a0-13-394263-5 | ||
| 040 | _cPK-LaUMT | ||
| 082 |
_a 004.7 _bDOY-C |
||
| 100 | _aDoyle, Leo F. | ||
| 245 |
_aComputer peripherals _cDoyle, Leo F. |
||
| 260 |
_aToronto,Japan: _bPrentice-Hall, _c1996 |
||
| 300 | _a256 p. | ||
| 942 |
_cSTK2001 _2ddc |
||